| 000 | 00371nam a22001577a 4500 | ||
|---|---|---|---|
| 003 | SGT | ||
| 020 | _a9789352500482 | ||
| 082 |
_a617.695 _bB16M |
||
| 100 | _aManappallil, John J. | ||
| 245 | _aBasic Dental Materials | ||
| 250 | _a4th | ||
| 260 |
_aNew Delhi, India _bJaypee Publishers _c2016 |
||
| 300 | _a606 | ||
| 650 | _aDental Materials | ||
| 942 |
_2ddc _cBK _0135 |
||
| 999 |
_c24902 _d24902 |
||